Evaluación educativa de aprendizajes y competencias
-д хадгалсан:
| Үндсэн зохиолчид: | , |
|---|---|
| Формат: | Ном |
| Хэл сонгох: | испани |
| Хэвлэсэн: |
Madrid
Pearson Educación S.A
2009
|
| Нөхцлүүд: | |
| Шошгууд: |
Шошго нэмэх
Шошго байхгүй, Энэхүү баримтыг шошголох эхний хүн болох!
|
MARC
| LEADER | 00000cam a2200000 a 4500 | ||
|---|---|---|---|
| 001 | UCG3035 | ||
| 003 | CL-VaPUC | ||
| 008 | 100805e20090000SP |||||||||||||||||spa|d | ||
| 020 | |a 9788483226674 | ||
| 082 | 0 | 4 | |a 371.26 |b CAS |2 21 |
| 100 | 0 | |a Castillo Arredondo, Santiago |e author |9 551805 | |
| 700 | 0 | |a Cabrerizo Diago, Jesús |e author |9 551806 | |
| 245 | 1 | 0 | |a Evaluación educativa de aprendizajes y competencias |
| 300 | |a 484 p | ||
| 942 | |c BK | ||
| 945 | |d 20100805 00:00:00 |a mfarfan | ||
| 260 | |a Madrid |b Pearson Educación S.A |c 2009 | ||
| 650 | 0 | |a Evaluación de la educación |9 237505 | |
| 650 | 7 | |a PRUEBAS Y MEDICIONES EDUCATIVAS |2 CL-VaPUC |9 474240 | |
| 583 | |a last modification |c 20130912 04:14:35 |k Rodrigo Vera | ||
| 999 | |c 342134 |d 342132 | ||
| 952 | |0 0 |1 0 |4 0 |6 371_260000000000000_CAS_2009 |7 0 |8 A |9 438132 |a BIBHIS |b BIBHIS |d 2019-11-22 |i 4703022 |o 371.26 CAS 2009 |p 4703022 |r 2025-01-20 |w 2019-11-22 |y BK |k HIS | ||
| 952 | |0 0 |1 0 |3 erb |4 0 |6 371_260000000000000_CAS_2009 |7 0 |8 A |9 438133 |a BIBTEO |b BIBTEO |d 2019-11-22 |i 5010187 |o 371.26 CAS 2009 |p 5010187 |r 2025-01-17 |w 2019-11-22 |y BK |z Catalogado en:20130930 |k ICR | ||